[Event "ESP-chT CECLUB Div2"]
[Site "Linares"]
[Date "2021.08.11"]
[Round "4.8"]
[White "Merario Alarcon, Andres"]
[Black "Efimovich, Sergey"]
[Result "1-0"]
[WhiteElo "2417"]
[BlackElo "2320"]
[PlyCount "97"]
[EventDate "2021.08.09"]
[EventType "team-swiss"]
[EventRounds "7"]
[EventCountry "ESP"]
[SourceTitle "CBM 203 Extra"]
[Source "ChessBase"]
[SourceDate "2021.09.30"]
[SourceVersion "1"]
[SourceVersionDate "2021.09.30"]
[SourceQuality "1"]
[WhiteTeam "Marbella Metro"]
[BlackTeam "Raspeig"]
[WhiteTeamCountry "ESP"]
[BlackTeamCountry "ESP"]

1. d4 d5 2. c4 e6 3. Nc3 Nf6 4. cxd5 exd5 5. Bg5 Be7 6. e3 0-0 7. Bd3 Nbd7 8. Nge2 Re8 9. 0-0 c6 10. f3 h6 11. Bh4 c5 12. Bf2 a6 13. Bc2 b5 14. dxc5 Nxc5 15. Nd4 Bb7 16. Qd2 Ncd7 17. Nce2 Ne5 18. b3 Bf8 19. Rad1 Qb6 20. Kh1 Rad8 21. Bb1 b4 22. Bh4 Ng6 23. Bf2 a5 24. Rc1 Ne5 25. Nf4 Ba6 26. Rfd1 Rc8 27. Rxc8 Rxc8 28. Nf5 Qc6 29. Bg3 g6 30. Nd4 Qc3 31. Qf2 Ned7 32. h3 Re8 33. Nd3 Bxd3 34. Bxd3 Nh5 35. Bb5 Nxg3+ 36. Qxg3 Qc8 37. Nf5 Re6 38. e4 Nf6 39. exd5 Rb6 40. Bd3 Nxd5 41. Bc4 Nc3 42. Nd6 Rxd6 43. Rxd6 Kh8 44. Qe5+ Bg7 45. Qxa5 Qb7 46. Qd8+ Kh7 47. Qd7 Nd5 48. Qg4 Qd7 49. Qg3 1-0